00356nam a2200133Ia 4500008004100000041000800041082001700049100002300066245003700089250001400126260004400140300003100184365000700215240624s9999 xx 000 0 und d aeng a658.4038 NIC aNICKERSON ROBERT C aBUSINESS AND INFORMATION SYSTEMS a(2nd ed.) c2002aNew DelhibPrentice-Hall of India axxv, : 494 : p. : cm. ; 27 cRS